The last lecture [

Bibliographic Details
Main Author: Pausch, Randy
Other Authors: Zaslow, Jeffrey
Format: Book
Language:English
Published: New York, NY : Hyperion , p2008
Subjects:

MARC

LEADER 00000cam a2200000 7i4500
001 0000026409
005 20150909.0
008 150907 nyu b eng
020 |a 9781401391447 
040 |a INS 
090 0 0 |a CD 519 
100 1 |a Pausch, Randy 
245 1 4 |a The last lecture [  |h sound recording]   |c Randy Pausch with Jeffrey Zaslow 
260 |a New York, NY :   |b Hyperion ,   |c p2008 
300 |a 4 sound discs (6 hours) :   |b digital ;   |c 4 3/4 in. 
500 |a Compact discs 
500 |a Subtitle from container 
511 0 0 |a Read by Erik Singer 
650 0 |a Cancer   |x Patients   |z United States 
650 0 |a Computer scientists   |z United States 
650 0 |a Death   |x Psychological aspect 
700 1 |a Zaslow, Jeffrey 
999 |a CD00000519   |b VIDEO CD   |c Media Collection   |e Default branch